000
00293nam a22001217a 4500
008
171124b xxu||||| |||| 00| 0 eng d
041
_a
eng
080
_a
591
100
_a
11
101
_a
NUT
245
_a
ETHYL ALCOHOL PRODUCTION AND USE AS MOTOR FUEL
_c
PAUL.J.K
942
_2
udc
_c
BK
999
_c
38443
_d
38443